000 00899nam a22002417a 4500
003 DO-SdBNP
005 20220127123328.0
007 ta
008 211209b2021 dr ||||| |||| 00| f spa d
020 _a9789945930269
040 _aDO-SdBNP
_bspa
_cBNPHU
082 4 _222
_bB516t
100 1 _aBermúdez Peralta, Claudio Rafael,
_d1962-
_980842
245 1 0 _aTeresita :
_bla historia de un gran amor /
_cClaudio Rafael Bermúdez Peralta ; diagramación Luis Amaury Rodríguez Ramírez ; diseño de cubierta Greg Pérez.
260 _aSanto Domingo :
_bEl Gato Ediciones,
_c2021.
300 _a146 p. ;
_c21 cm.
500 _aIncluye datos biográficos del autor en las solapas
590 _aInventariado, 2021 /LP
700 1 _aRodríguez Ramírez, Luis Amaury,
_ediagramación
_980843
700 1 _aPérez, Luis,
_ediseño de cubierta
_980844
910 _aLopérez.
942 _2ddc
_cLBS1
999 _c51111
_d51111